| 000 | 00773nam a22001937a 4500 | ||
|---|---|---|---|
| 999 |
_c18567 _d18567 |
||
| 003 | AR-CdUCM | ||
| 008 | 190514b ||||| |||| 00| 0 spa d | ||
| 040 |
_aMUNICIPALIDAD PROVINCIAL DEL CUSCO _cBIBLIOTECA MUNICIPAL DEL CUSCO |
||
| 082 |
_a377.3 / _bS55 |
||
| 100 |
_aSilva de Santolana, Irene. _939222 |
||
| 245 |
_aCaracterología : _bAplicada al matrimonio / |
||
| 260 |
_aLima : _bOffset Iberia, |
||
| 300 |
_a195 páginas ; _c19 cm. |
||
| 505 | _aContenido : El matrimonio y la caracterologia -- Corrientes tipológicas o caracterológicas -- Educación caracterial -- La herencia y el matrimonio -- El temperamento y la educación caracterial ... | ||
| 650 |
_aHerencia. _99110 |
||
| 650 |
_aMatrimonio. _916386 |
||
| 942 |
_2ddc _cLIBROS |
||
| 945 |
_arum _d2019-05-14 |
||